| 000 | 01027cam a2200325 a 4500 | ||
|---|---|---|---|
| 001 | 3332468 | ||
| 003 | OSt | ||
| 005 | 20140310181652.0 | ||
| 008 | 850712s1985 maua j 000 1 eng | ||
| 010 | _a 85014576 | ||
| 020 | _a0440484154 | ||
| 040 |
_aDLC _cDLC _dDLC |
||
| 042 | _alcac | ||
| 050 | 0 | 0 |
_aPZ 7 _b.L921 1991 |
| 082 | 0 | 0 |
_aKF _bL95s 1985 |
| 100 | 1 |
_aLowry, Lois. _93746 |
|
| 245 | 1 | 0 |
_aSwitcharound / _cLois Lowry. |
| 260 |
_aNew York : _bDell Publishing, _cc1985. |
||
| 300 |
_a118 p. : _bill. ; _c22 cm. |
||
| 541 | _j1 | ||
| 562 | _e1 | ||
| 650 | 1 |
_aBrothers and sisters _xFiction. _96261 |
|
| 650 | 1 |
_aFamily life _xFiction. _96262 |
|
| 650 | 1 |
_aHumorous stories. _93831 |
|
| 740 | 0 | _aSwitch around. | |
| 856 | 4 | 2 |
_3Publisher description _uhttp://www.loc.gov/catdir/description/hm021/85014576.html |
| 856 | 4 | 2 |
_3Contributor biographical information _uhttp://www.loc.gov/catdir/enhancements/fy0737/85014576-b.html |
| 906 |
_a7 _bcbc _corignew _d1 _eocip _f19 _gy-gencatlg |
||
| 942 |
_2lcc _cBK-KF _kKF |
||
| 999 |
_c1021 _d1021 |
||